Sports Quiz

Random Sports or Soccer Quiz

Footballers to score Hat Tricks in Cup finals Quiz Stats

 Plays Quiz not verified by Sporcle

Challenge
Share
Tweet
Embed
Score 0/61 Timer 10:00
0 Plays Today
Competition Player % Correct
Confederations Cup (1997)Ronaldo
81.8%
Scottish League Cup (2001)Henrik Larsson
77.3%
European Cup (1960)Ferenc Puskás
76.1%
European Cup (1962)Ferenc Puskás
76.1%
World Cup (1966)Geoff Hurst
76.1%
European Cup (1960)Alfredo Di Stéfano
75%
UEFA Super Cup (2012)Radamel Falcao
72.7%
KNVB Cup (2012)Robert Lewandowski
69.2%
Confederations Cup (1997)Romário
67%
Copa Mercosur (2000)Romário
67%
Scottish League Cup (1984)Ally McCoist
60.2%
Intercontinental Cup (1962)Pelé
59.1%
Coupe de France (1989)Jean-Pierre Papin
43.2%
FA Cup (1953)Stan Mortensen
35.2%
KNVB Cup (1998)Jari Litmanen
31.8%
Scottish Cup (1881)John Smith
26.1%
UEFA Super Cup (1977)Terry McDermott
26.1%
DFB-Pokal (1963)Uwe Seeler
21.6%
UEFA Cup (1975)Jupp Heynckes
19.3%
Scottish Cup (1996)Gordon Durie
19.3%
Copa del Rey (1950)Telmo Zarra
15.9%
Scottish League Cup (1969)Bobby Lennox
15.9%
DFB-Ligapokal (2000)Alexander Zickler
13.6%
European Cup (1969)Pierino Prati
12.5%
Scottish Cup (1972)John Deans
12.5%
Scottish League Cup (1974)John Deans
12.5%
Coppa Italia (1993)Giuseppe Giannini
6.8%
Scottish Cup (1904)Jimmy Quinn
5.7%
FA Cup (1890)William Townley
4.5%
Scottish League Cup (1957)Billy McPhail
4.5%
Scottish League Cup (1974)Joe Harper
4.5%
Competition Player % Correct
FA Cup (1894)James Logan
3.4%
DFB-Pokal (1986)Roland Wohlfarth
3.4%
OFC Champions League (2009)Keryn Jordan
3.4%
OFC Club Championship (2006)Keryn Jordan
3.4%
Copa Libertadores (2008)Thiago Neves
2.3%
Copa Sudamericana (2009)Édison Méndez
2.3%
Scottish League Cup (1948)Davie Duncan
2.3%
CONCACAF Champions' Cup (1990)Toninho Dos Santos
2.3%
OFC Nations Cup (1996)Kris Trajanovski
1.1%
OFC Nations Cup (1996)Kris Trajanovski
1.1%
Copa del Rey (1939)Guillermo Campanal
1.1%
Scottish League Cup (1954)Willie Bauld
1.1%
Coupe de France (1979)Éric Pécout
1.1%
AFC Cup (2008)Rico
1.1%
AFC Cup (2008)Rico
1.1%
Fairs Cup (1962)Vicente Guillot
0%
Fairs Cup (1966)Lluís Pujol
0%
African Cup of Nations (1957)Mohamed Ad-Diba
0%
Coppa Italia (1941)Amedeo Amadei
0%
Coppa Italia (1942)Riza Lushta
0%
Copa del Rey (1948)Mariano Uceda
0%
Copa del Rey (1919)Félix Sesúmaga
0%
Copa del Rey (1916)Félix Zubizarreta
0%
Scottish League Cup (1963)Jim Forrest
0%
CONCACAF Champions' Cup (1962)Salvador Reyes
0%
Copa Interamericana (1991)Marcelo Barticciotto
0%
Copa Interamericana (1979)Miguel Michelagnoli
0%
Asian Club Championship (2000)Sergio Ricardo
0%
African Cup Winners Cup (2003)Ogochukwu Obiakor
0%
CAF Champions League (2001)Khaled Bebo
0%

You're not logged in!

Compare scores with friends on all Sporcle quizzes.
OR
Log In

You Might Also Like...

Show Comments

Extras

Created Mar 1, 2012ReportNominate
Tags:Football Quiz, Soccer Quiz

Top Quizzes Today


Score Distribution

Your Account Isn't Verified!

In order to create a playlist on Sporcle, you need to verify the email address you used during registration. Go to your Sporcle Settings to finish the process.

Report this User

Report this user for behavior that violates our Community Guidelines.

Details: